„Kevin - Allein zu Haus“ Quiz - Statistiken

Allgemein
  • Dieses Quiz wurde 246 mal gespielt
  • Das Durchschnittsergebnis liegt bei 17 aus 21
Antwortstatistiken
Frage Antwort % Korrekt
Wie ist Kevins Familienname? McCallister
100%
Was verliert der Bandit Harry bei einer von Kevins Fallen? Seinen Goldzahn
94%
Wie nennen sich die Banditen selber? Die feuchten Banditen
91%
Wie lässt Kevin den Pizzaboten denken, dass dieser es mit einem erwachsenen Mann zu tun hat? Kevin spielt die Tonaufnahme eines Filmes ab
91%
Womit schlägt Marley die Banditen nieder? Schneeschaufel
89%
Warum gibt es einen großen Streit zwischen Kevin und seinem älteren Bruder Buzz, weshalb Kevin in den dritten Stock geschickt wird? Weil Buzz Kevin nichts von seiner Lieblingspizza übrig ließ
89%
Vor was fürchtet sich Kevin am meisten im Keller? Ofen
88%
Mit wem fährt Kevins Mutter Kate vom Flughafen nach Hause? Polka Band
86%
Was klaut Kevin aus Angst im Supermarkt? Zahnbürste
86%
Was stellt Kevin in den Wäscheschacht, dass dem Bandit Marv auf den Kopf fällt? Bügeleisen
85%
Wen trifft Kevin in der Kirche? Seinen gefürchteten Nachbarn
85%
Was macht Kevin mit dem Türknauf? Er erhitzt ihn enorm
84%
Als was verkleidet sich der Einbrecher Harry um Auskünfte über die Abwesenheit der Familie zu bekommen? Polizist
83%
Wer wird anstelle von Kevin aus versehen mitgezählt? Der Nachbars Junge
81%
Was sagt Kevin auf die Frage was er die ganze Zeit gemacht hat? „nur gelangweilt“
81%
Was isst Kevin bevor er sich bereit macht den Banditen Gegenwehr zu leisten? Mikrowellen Käse Makkaroni
69%
Um wie viel Uhr am Abend wollten die Banditen kommen um Kevins Haus auszurauben? 9 Uhr
66%
In welchem Jahr erschien „Kevin - Allein zu Haus“? 1991
62%
Wohin lockt Kevin die Banditen um sie der Polizei zu übergeben? In das Nachbarhaus, der Murphys
49%
Um wie viel Uhr wollten die Familie zum Flughafen fahren? 8 Uhr
47%
Wie heißt der Film den Kevin schaut, am ersten Abend an dem er alleine ist? „Angels with Filthy Souls“
46%
Keine übereinstimmenden Quizze gefunden
Verteilung der Resultate
Anzahl Personen mit jedem Resultat
Perzentil nach korrekt beantworteten Fragen
Ihre Resultats-Entwicklung
Sie haben dieses Quiz noch nicht gespielt